| 000 | 00551nam a2200193 i 4500 | ||
|---|---|---|---|
| 001 | 21517 | ||
| 003 | ES-MaACL | ||
| 005 | 20240529062940.0 | ||
| 007 | t| | ||
| 008 | 021126s1962 sp ||||1| spa d | ||
| 080 | _a821.134.2-14"19" | ||
| 100 | 0 |
_aAlbornoz, Aurora de, _d1926-1990 _919411 |
|
| 245 | 1 | 0 |
_aPor la primavera blanca : _b(fabulaciones) / _cAurora de Albornoz. |
| 260 |
_aMadrid : _bÍnsula, _c1962. |
||
| 300 |
_a53 p. ; _c23 cm. |
||
| 852 | 4 |
_aES-MaACL _jC-24465 |
|
| 852 | 4 |
_aES-MaACL _jC-2032-F-26 |
|
| 999 |
_c21517 _d21517 |
||